000 00863nam a2200205Ii 4500
003 JO-AjNU
008 230605s9999||||xx |||||||||||||| ||und||
040 _aJO-AjNU
_bara
_erda
_cJO-AjNU
041 _aara
050 1 4 _aDS38.Y3.1995
100 3 _aتأليف: اليعقوبي، احمد بن ابي يعقوب بن جعفر بن وهب ,
_eauthor
_959054
245 0 0 _aتاريخ اليعقوبي، مج1
250 _aط6
264 3 1 _aبيروت: دار صادر للطباعة والنشر، 1995
300 _aمج1: 363ص
_bيحتوي على فهرس من ص 273-363
336 _atext
_btxt
_2rdacontent
337 _aunmediated
_bn
_2rdamedia
338 _avolume
_bnc
_2rdacarrier
650 4 _aالتاريخ الاسلامي- الحضارة الاسلامية- اليعقوبي، أحمد بن إسحاق بن جعفر، ت. بعد 292 هـ.
_959055
999 _aA26555
_c30123
_d30123